000 01062nam a2200313 4500
003 EC-UNACH
005 20251020142545.0
006 s||||gr|||| 00| 00
008 150116t9999 mx r gr 000 0 spa d
020 _a946-341-652
040 _aEC-UNACH
_cEC-UNACH
041 _aspa
082 0 4 _223
_a340
_bL017831
110 _aProcuraduría General del Estado
245 _aCaso OXY: defensa jurídica de una decisión soberana y en derecho del estado ecuatoriano
250 _aPrimera edición
264 _aQuito - Ecuador
_bProcuraduría General del Estado
_c2014
300 _a208 páginas
_bIlustraciones, Tablas
505 _aI. Los hechos del caso II. Historia procesal III. Causas para la anulación del laudo IV. Ensayos jurídicos
590 _a
650 _aHISTORIA PROCESAL
650 _aANULACIÓN DE LAUDO
650 _aENSAYOS JURÍDICOS
700 _aGarcía Carrión, Diego
942 _2ddc
_c1
999 _c14045